Design, Construction & Equipping Of Koforidua Regional Hospital With Teaching Facilities- Phase 1 2019 (Record no. 2878)
[ view plain ]
| 000 -LEADER | |
|---|---|
| fixed length control field | 00495nam a2200145Ia 4500 |
| 008 - FIXED-LENGTH DATA ELEMENTS--GENERAL INFORMATION | |
| fixed length control field | 240429s9999||||xx |||||||||||||| ||und|| |
| 041 ## - LANGUAGE CODE | |
| Language code of text/sound track or separate title | eng |
| 082 ## - DEWEY DECIMAL CLASSIFICATION NUMBER | |
| Classification number | MOH/ERHK/19 |
| 100 ## - MAIN ENTRY--PERSONAL NAME | |
| Personal name | Ministry Of Health |
| 245 #0 - TITLE STATEMENT | |
| Title | Design, Construction & Equipping Of Koforidua Regional Hospital With Teaching Facilities- Phase 1 2019 |
| 300 ## - PHYSICAL DESCRIPTION | |
| Extent | 147p;tabs |
| 650 ## - SUBJECT ADDED ENTRY--TOPICAL TERM | |
| Topical term or geographic name entry element | Design, Construction & Equipping Of Koforidua Regional Hospital - With Teaching Facilities- Phase 1 2019 |
| 942 ## - ADDED ENTRY ELEMENTS (KOHA) | |
| Koha item type | Annual Report |
| Withdrawn status | Lost status | Damaged status | Not for loan | Home library | Current library | Shelving location | Date acquired | Total checkouts | Full call number | Date last seen | Copy number | Price effective from | Koha item type |
|---|---|---|---|---|---|---|---|---|---|---|---|---|---|
| Main Library | Main Library | Open Shelves | 23/03/2023 | MOH/ERHK/19 5436 | 29/04/2024 | 1 | 29/04/2024 | Annual Report |